
Library Catalogue

| 000 -LEADER | |
|---|---|
| fixed length control field | 01498nam a2200217Ia 4500 |
| 003 - CONTROL NUMBER IDENTIFIER | |
| control field | OSt |
| 005 - DATE AND TIME OF LATEST TRANSACTION | |
| control field | 20210621122652.0 |
| 008 - FIXED-LENGTH DATA ELEMENTS--GENERAL INFORMATION | |
| fixed length control field | 160316s2006 xxu||||| |||| 00| 0 eng d |
| 020 ## - INTERNATIONAL STANDARD BOOK NUMBER | |
| International Standard Book Number | 9780691124193 |
| 040 ## - CATALOGING SOURCE | |
| Transcribing agency | n |
| 082 ## - DEWEY DECIMAL CLASSIFICATION NUMBER | |
| Classification number | 330.150000 |
| Item number | BRO |
| 100 ## - MAIN ENTRY--PERSONAL NAME | |
| Personal name | Bromley Daniel W |
| 245 ## - TITLE STATEMENT | |
| Title | Sufficient reason : Volitional pragmatism and the meaning of economicinstitutions |
| 260 ## - PUBLICATION, DISTRIBUTION, ETC. | |
| Place of publication, distribution, etc. | New Jersey |
| Name of publisher, distributor, etc. | Princeton University Press |
| Date of publication, distribution, etc. | 2006 |
| 300 ## - PHYSICAL DESCRIPTION | |
| Extent | 244p |
| Dimensions | ix |
| 365 ## - TRADE PRICE | |
| Price amount | Rs. 1,429 |
| 505 ## - FORMATTED CONTENTS NOTE | |
| Formatted contents note | Table of contents<br/>Acknowledgments vii;<br/>Preface ix;<br/>PRELUDE;<br/>1 CHAPTER ON: Prospective Volition 3;<br/>CHAPTER TWO: The Task at Hand 20;<br/>PART ONE: On Economic Institutions 29;<br/>CHAPTER THREE: Understanding Institutions 31;<br/>CHAPTER FOUR: The Content of Institutions 43;<br/>CHAPTER FIVE: Institutional Change 67;<br/>PART TWO: Volitional Pragmatism 85;<br/>CHAPTER SIX: Fixing Belief 87;<br/>CHAPTER SEVEN: Explaining 103;<br/>CHAPTER EIGHT: Prescribing and Predicting 115;<br/>CHAPTER NINE: Volitional Pragmatism 129;<br/>PART THREE: Volitional Pragmatism at Work 153;<br/>CHAPTER TEN: Thinking as a Pragmatist 155;<br/>CHAPTER ELEVEN: Volitional Pragmatism and Explanation 166;<br/>CHAPTER TWELVE: Volitional Pragmatism and the Evolution of Institutions 180;<br/>CHAPTER THIRTEEN: Volitional Pragmatism and Economic Regulations 199;<br/>CHAPTER FOURTEEN: Sufficient Reason 212;<br/>Bibliography 225;<br/>Index 235 |
| 650 ## - SUBJECT ADDED ENTRY--TOPICAL TERM | |
| Topical term or geographic name entry element | 1. Economics - Philosophy2. Institutional Economics3. Economic Policy |
| 700 ## - ADDED ENTRY--PERSONAL NAME | |
| Personal name | |
| -- | |
| 942 ## - ADDED ENTRY ELEMENTS (KOHA) | |
| Source of classification or shelving scheme | Dewey Decimal Classification |
| Koha item type | BOOKs |
| Withdrawn status | Lost status | Damaged status | Not for loan | Home library | Current library | Shelving location | Date acquired | Cost, normal purchase price | Total Checkouts | Total Renewals | Full call number | Barcode | Date last seen | Date last checked out | Price effective from | Koha item type |
|---|---|---|---|---|---|---|---|---|---|---|---|---|---|---|---|---|
| . | . | General Stacks | 30.05.2017 | 1429.00 | 3 | 2 | 330.15 BRO | 30221 | 22.08.2023 | 16.05.2023 | 30.05.2017 | BOOKs |